000 00696nam a2200205 a 4500
001 000034604
005 20210409103434.0
008 111010s1993 ck 000 0 spa d
020 _a9789583000973
040 _aDO-SdBNP
_bspa
_cBNPHU
082 _axxxx
_bM392m
100 1 _aMarx, Carlos,
_d1818-1883
_95975
245 1 0 _aManifiesto del partido comunista /
_cCarlos Marx, Federico Engels ; prólogo Sergio de Zubiría Samper.
260 _aBogotá :
_bPanamericana,
_c1993.
300 _a76 p. ;
_c21 cm.
490 1 _aFilosofía & política
700 _aEngels, Federico,
_d1820-1895
_960043
700 1 _aZubiría Samper, Sergio de,
_epról.
_951743
830 0 _aFilosofía & política
_946827
999 _c34095
_d34095